[Event "76. Campeonato de Alemania"]
[Site "Altenkirchen GER"]
[Date "2005.02.24"]
[Round "7.7"]
[White "Handke, Florian"]
[Black "Schunk, Thomas"]
[Result "0-1"]
[WhiteElo "2488"]
[BlackElo "2280"]
[PlyCount "82"]
[EventDate "2005.02.18"]
[EventType "swiss"]
[EventRounds "9"]
[EventCountry "GER"]
[Source "lmi"]
[SourceDate "2005.02.23"]

1. Nf3 Nf6 2. d4 e6 3. c4 d5 4. g3 c6 5. Bg2 Be7 6. Qc2 O-O 7. O-O Nbd7 8. b3
Ne4 9. Nfd2 f5 10. Nxe4 fxe4 11. f3 exf3 12. Bxf3 Nf6 13. Bb2 Bd7 14. Nc3 Be8
15. Rad1 Bg6 16. Qd2 Bb4 17. Qc1 Qe7 18. a3 Bd6 19. b4 Rac8 20. Qg5 Qe8 21. Rf2
h6 22. Qh4 Bf5 23. g4 Qg6 24. Kh1 Be4 25. Nxe4 Nxe4 26. Rff1 Bf4 27. Qe1 Rf7
28. Bc1 Bxc1 29. Rxc1 Rcf8 30. b5 Qg5 31. bxc6 bxc6 32. cxd5 cxd5 33. Rc6 Rf6
34. Rc7 Qe3 35. Qc1 Qxd4 36. Re7 Nf2+ 37. Kg2 Nxg4 38. Kh1 Qe5 39. Qc7 Qg5 40.
Qxa7 Rg6 41. Rg1 Qxe7 0-1

[Event "76. Campeonato de Alemania"]
[Site "Altenkirchen GER"]
[Date "2005.02.24"]
[Round "7.8"]
[White "Hort, Vlastimil"]
[Black "Deglmann, Ludwig"]
[Result "1-0"]
[WhiteElo "2515"]
[BlackElo "2361"]
[PlyCount "81"]
[EventDate "2005.02.18"]
[EventType "swiss"]
[EventRounds "9"]
[EventCountry "GER"]
[Source "lmi"]
[SourceDate "2005.02.23"]

1. c4 f5 2. Nc3 Nf6 3. g3 g6 4. Bg2 Bg7 5. d4 O-O 6. Nh3 d6 7. d5 c6 8. Nf4 e5
9. dxe6 Qe7 10. Qd2 Bxe6 11. Qe3 Re8 12. Qxe6+ Qxe6 13. Nxe6 Rxe6 14. Bf4 Na6
15. Rd1 Bf8 16. O-O Nc5 17. Rd2 Rae8 18. Rfd1 Nfe4 19. Nxe4 Nxe4 20. Rc2 a5 21.
Kf1 a4 22. Rd3 Nc5 23. Ra3 Bg7 24. Be3 Kf7 25. Rd2 Bf6 26. Bf3 h5 27. Bxc5 dxc5
28. Rxa4 Ke7 29. Ra7 Rb8 30. Rd3 Bxb2 31. Rb3 Bf6 32. a4 Kd6 33. a5 Re7 34. a6
bxa6 35. Rd3+ Ke6 36. Rxa6 Rc7 37. Bxc6 Kf7 38. Rd6 Kg7 39. Be8 Rb1+ 40. Kg2
Bc3 41. Bxg6 1-0

[Event "76. Campeonato de Alemania"]
[Site "Altenkirchen GER"]
[Date "2005.02.24"]
[Round "7.9"]
[White "Reuss, Andreas"]
[Black "Schulz, Karsten"]
[Result "1/2-1/2"]
[WhiteElo "2370"]
[BlackElo "2310"]
[PlyCount "105"]
[EventDate "2005.02.18"]
[EventType "swiss"]
[EventRounds "9"]
[EventCountry "GER"]
[Source "lmi"]
[SourceDate "2005.02.23"]

1. d4 Nf6 2. c4 e6 3. Nf3 Bb4+ 4. Bd2 a5 5. a3 Bxd2+ 6. Nbxd2 d6 7. Qa4+ Nbd7
8. g4 d5 9. e3 O-O 10. Bd3 c5 11. g5 Nh5 12. cxd5 exd5 13. h4 Qe7 14. Be2 g6
15. Nh2 b5 16. Qb3 cxd4 17. Bxh5 dxe3 18. Qxe3 Qxe3+ 19. fxe3 gxh5 20. Ndf1 Ne5
21. Ng3 Bg4 22. Nxg4 hxg4 23. O-O-O Rac8+ 24. Kb1 Rfd8 25. Rhf1 Nf3 26. Nf5 Kf8
27. Nh6 Rc4 28. b3 Re4 29. Nxg4 Rxg4 30. Rxf3 Rxh4 31. Rf5 Rh5 32. Rfxd5 Rxd5
33. Rxd5 h6 34. Rxb5 Rxg5 35. Rb6 h5 36. Kc2 Kg7 37. Rd6 h4 38. Rd1 h3 39. Rh1
Rh5 40. Kd3 Kf6 41. Ke4 Kg5 42. Rg1+ Kf6 43. Rh1 Rb5 44. b4 axb4 45. axb4 Rxb4+
46. Kf3 Rh4 47. Kg3 Rh8 48. Rxh3 Rxh3+ 49. Kxh3 Kf5 50. Kh4 Ke4 51. Kg5 Kxe3
52. Kf6 Kf4 53. Kxf7 1/2-1/2

[Event "76. Campeonato de Alemania"]
[Site "Altenkirchen GER"]
[Date "2005.02.24"]
[Round "7.11"]
[White "Kraemer, Martin"]
[Black "Meister, Jakob"]
[Result "0-1"]
[WhiteElo "2357"]
[BlackElo "2519"]
[PlyCount "84"]
[EventDate "2005.02.18"]
[EventType "swiss"]
[EventRounds "9"]
[EventCountry "GER"]
[Source "lmi"]
[SourceDate "2005.02.23"]

1. e4 g6 2. d4 Bg7 3. Nc3 d6 4. f4 Nd7 5. Nf3 a6 6. Bd3 c5 7. Be3 Ngf6 8. h3
cxd4 9. Bxd4 O-O 10. O-O b5 11. a3 Bb7 12. Qe1 Nh5 13. Be3 e5 14. fxe5 dxe5 15.
Rd1 Qc7 16. Qf2 Nf4 17. Ne2 Nxe2+ 18. Qxe2 Nc5 19. Bd2 f5 20. Ng5 h6 21. exf5
hxg5 22. fxg6 e4 23. Bc4+ bxc4 24. Qxc4+ Kh8 25. Be3 Qc6 26. Qxc5 Rxf1+ 27.
Rxf1 Qxg6 28. Bxg5 Rc8 29. Qe7 Re8 30. Qxb7 Qxg5 31. Qxa6 Bxb2 32. Qc6 Re7 33.
c3 Bc1 34. Qd6 Be3+ 35. Kh1 Rg7 36. g4 Bc5 37. Qe6 Qe7 38. Qc8+ Kh7 39. Rf5 Rg5
40. a4 e3 41. Rxg5 Qe4+ 42. Kh2 Qf4+ 0-1

[Event "76. Campeonato de Alemania"]
[Site "Altenkirchen GER"]
[Date "2005.02.24"]
[Round "7.13"]
[White "Meier, Georg"]
[Black "Tischbierek, Raj"]
[Result "1/2-1/2"]
[WhiteElo "2372"]
[BlackElo "2477"]
[PlyCount "39"]
[EventDate "2005.02.18"]
[EventType "swiss"]
[EventRounds "9"]
[EventCountry "GER"]
[Source "lmi"]
[SourceDate "2005.02.23"]

1. e4 e5 2. Nf3 Nc6 3. Bb5 Nf6 4. O-O Nxe4 5. Qe2 Nd6 6. Bxc6 dxc6 7. Qxe5+ Qe7
8. Qa5 Be6 9. d3 Qd7 10. Nd4 Be7 11. Nxe6 Qxe6 12. Re1 Qd7 13. Bg5 f6 14. Bf4
O-O 15. Nd2 b6 16. Qa6 Nf7 17. Re2 Bd6 18. Bxd6 cxd6 19. Rae1 Ne5 20. d4
1/2-1/2

[Event "76. Campeonato de Alemania"]
[Site "Altenkirchen GER"]
[Date "2005.02.24"]
[Round "7.14"]
[White "Solonar, Stephan"]
[Black "Meins, Gerlef"]
[Result "0-1"]
[WhiteElo "2393"]
[BlackElo "2440"]
[PlyCount "58"]
[EventDate "2005.02.18"]
[EventType "swiss"]
[EventRounds "9"]
[EventCountry "GER"]
[Source "lmi"]
[SourceDate "2005.02.23"]

1. c4 e5 2. Nc3 Nf6 3. Nf3 Nc6 4. g3 Bb4 5. Bg2 O-O 6. O-O e4 7. Ng5 Bxc3 8.
bxc3 Re8 9. f3 exf3 10. Nxf3 d5 11. d4 Ne4 12. Qc2 Bf5 13. Nh4 Bg6 14. Nxg6
hxg6 15. Rf4 f5 16. g4 Na5 17. gxf5 gxf5 18. Rxf5 Nxc4 19. Bg5 Qd7 20. Bh3 Qd6
21. Kh1 Rf8 22. Raf1 Nxg5 23. Rxg5 Rxf1+ 24. Bxf1 Ne3 25. Qc1 Qf4 26. Rg1 Rf8
27. Bh3 Qe4+ 28. Bg2 Nxg2 29. Rxg2 Rf2 0-1

[Event "76. Campeonato de Alemania"]
[Site "Altenkirchen GER"]
[Date "2005.02.24"]
[Round "7.15"]
[White "Schlosser, Philipp"]
[Black "Pajeken, Wolfgang"]
[Result "1-0"]
[WhiteElo "2570"]
[BlackElo "2354"]
[PlyCount "67"]
[EventDate "2005.02.18"]
[EventType "swiss"]
[EventRounds "9"]
[EventCountry "GER"]
[Source "lmi"]
[SourceDate "2005.02.23"]

1. e4 e5 2. Nf3 Nc6 3. Bb5 Bc5 4. c3 f5 5. Bxc6 dxc6 6. Nxe5 Qh4 7. O-O fxe4 8.
d4 exd3 9. Nd2 Ne7 10. Ndf3 Qh5 11. Qxd3 Qf5 12. Re1 Qxd3 13. Nxd3 Bd6 14. c4
c5 15. b4 b6 16. bxc5 bxc5 17. Ba3 Bf5 18. Nxc5 O-O 19. Nd4 a6 20. Re3 Ng6 21.
Nce6 Bxa3 22. Rxa3 Bxe6 23. Nxe6 Rf7 24. Re1 Rd7 25. f4 Rd2 26. Rg3 Rb8 27. f5
Nh4 28. Rxg7+ Kh8 29. f6 Nf5 30. Rxc7 Rg8 31. Nf4 Nh4 32. Ree7 Rb8 33. Rxh7+
Kg8 34. Rcg7+ 1-0

[Event "76. Campeonato de Alemania"]
[Site "Altenkirchen GER"]
[Date "2005.02.24"]
[Round "7.16"]
[White "Henrichs, Thomas"]
[Black "Schneider, Bernd"]
[Result "1/2-1/2"]
[WhiteElo "2407"]
[BlackElo "2293"]
[PlyCount "105"]
[EventDate "2005.02.18"]
[EventType "swiss"]
[EventRounds "9"]
[EventCountry "GER"]
[Source "lmi"]
[SourceDate "2005.02.23"]

1. d4 Nf6 2. c4 c5 3. d5 b5 4. cxb5 a6 5. b6 g6 6. Nc3 d6 7. e4 Bg7 8. a4 a5 9.
Bb5+ Nfd7 10. Nf3 O-O 11. O-O Nxb6 12. h3 Na6 13. Re1 Nb4 14. Bf4 Ba6 15. Bxa6
Rxa6 16. Qd2 Qd7 17. Bh6 Nc4 18. Qe2 Bxh6 19. Qxc4 Rb6 20. Nb5 Bg7 21. Rab1 Na6
22. b3 Nc7 23. Na3 e6 24. Qd3 exd5 25. exd5 Rb4 26. Nc4 Ra8 27. Re2 Bf6 28.
Rbe1 Ra6 29. g4 h6 30. Nfd2 Rb8 31. Ne4 Bg7 32. Qg3 Rd8 33. Nxc5 dxc5 34. Re7
Qxd5 35. Qxc7 Bd4 36. Qxd8+ Qxd8 37. Re8+ Qxe8 38. Rxe8+ Kg7 39. Kg2 Bc3 40.
Re7 Kf6 41. Rc7 Bd4 42. f4 Ke6 43. Kf3 Ra8 44. Rb7 Bc3 45. Rb6+ Ke7 46. Rb5 Rd8
47. Ke3 Ke6 48. Rb6+ Ke7 49. f5 gxf5 50. gxf5 Rd5 51. Rxh6 Rxf5 52. Ke4 Rg5 53.
h4 1/2-1/2

[Event "76. Campeonato de Alemania"]
[Site "Altenkirchen GER"]
[Date "2005.02.24"]
[Round "7.17"]
[White "Bastian, Herbert"]
[Black "Asendorf, Joachim"]
[Result "1-0"]
[WhiteElo "2400"]
[BlackElo "2282"]
[PlyCount "99"]
[EventDate "2005.02.18"]
[EventType "swiss"]
[EventRounds "9"]
[EventCountry "GER"]
[Source "lmi"]
[SourceDate "2005.02.23"]

1. e4 c5 2. Nc3 Nc6 3. g3 g6 4. Bg2 Bg7 5. d3 d6 6. Be3 e5 7. Nd5 Nge7 8. Nxe7
Qxe7 9. Ne2 Bg4 10. h3 Be6 11. O-O O-O 12. a3 Qd7 13. Kh2 Nd4 14. Nc1 Nc6 15.
c3 b6 16. b4 cxb4 17. axb4 d5 18. Ne2 Rfd8 19. Qa4 Rac8 20. Rfd1 dxe4 21. dxe4
Qc7 22. Ng1 Bc4 23. Nf3 Bd3 24. Ne1 Bc4 25. Nc2 Be2 26. Rdc1 a5 27. bxa5 bxa5
28. Na3 Rb8 29. Nc4 Rdc8 30. Rcb1 Bd3 31. Rd1 Nb4 32. cxb4 Qxc4 33. Qxa5 Bf8
34. Rac1 Bc2 35. Qxe5 Bg7 36. Qd6 Bf8 37. Qe5 Bg7 38. Qd6 Bf8 39. Qf6 Bg7 40.
Qe7 Bf8 41. Qg5 Qxb4 42. Rd7 Bg7 43. Bf4 Ra8 44. Bd6 Qb3 45. e5 h6 46. Qd2 Qb5
47. e6 Bb3 48. exf7+ Kh7 49. Rb7 Qa4 50. Rxc8 1-0

[Event "76. Campeonato de Alemania"]
[Site "Altenkirchen GER"]
[Date "2005.02.24"]
[Round "7.18"]
[White "Scherer, Max"]
[Black "Alber, Horst"]
[Result "0-1"]
[WhiteElo "2325"]
[BlackElo "2387"]
[PlyCount "104"]
[EventDate "2005.02.18"]
[EventType "swiss"]
[EventRounds "9"]
[EventCountry "GER"]
[Source "lmi"]
[SourceDate "2005.02.23"]

1. c4 g6 2. g3 Bg7 3. Bg2 d6 4. Nc3 c6 5. e4 a6 6. b3 b5 7. Rb1 bxc4 8. bxc4
Nd7 9. Qc2 Ngf6 10. h3 O-O 11. Nge2 a5 12. O-O Qc7 13. d3 e5 14. Be3 Nh5 15. g4
Nhf6 16. Ng3 Bb7 17. f4 exf4 18. Bxf4 Ba6 19. Nd1 Nc5 20. Be3 Nfd7 21. Ne2 Rae8
22. Rc1 Qd8 23. Qd2 Ne6 24. Nf2 Ne5 25. Rb1 f5 26. gxf5 gxf5 27. exf5 Rxf5 28.
Ne4 Rxf1+ 29. Rxf1 d5 30. cxd5 cxd5 31. Ng5 d4 32. Nxd4 Nxd4 33. Qd1 Bxd3 34.
Bxd4 Qxd4+ 35. Kh1 Qd8 36. Rg1 Bg6 37. Qb3+ Kh8 38. Ne6 Bf7 39. Nxd8 Bxb3 40.
Nb7 Bxa2 41. Nxa5 Nd3 42. Nc6 Ne1 43. Nb4 Bc4 44. Bd5 Re3 45. Rg4 Be2 46. Rh4
Bf6 47. Rf4 Be7 48. Bg2 Rg3 49. Nc6 Nxg2 50. Rf2 Nh4 51. Nxe7 Nf3 52. Rxe2 Rg1#
0-1

[Event "76. Campeonato de Alemania"]
[Site "Altenkirchen GER"]
[Date "2005.02.24"]
[Round "7.19"]
[White "Muranyi, Karl-Jasmin"]
[Black "Leiber, Bernhard"]
[Result "1-0"]
[WhiteElo "2365"]
[BlackElo "2230"]
[PlyCount "101"]
[EventDate "2005.02.18"]
[EventType "swiss"]
[EventRounds "9"]
[EventCountry "GER"]
[Source "lmi"]
[SourceDate "2005.02.23"]

1. d4 Nf6 2. c3 b6 3. Bg5 Bb7 4. Nd2 e6 5. Ngf3 c5 6. e4 h6 7. Bxf6 Qxf6 8. Bd3
cxd4 9. cxd4 Nc6 10. e5 Qd8 11. O-O Nb4 12. Bb1 Rc8 13. a3 Nd5 14. Be4 Be7 15.
Qa4 a5 16. Rac1 Ba6 17. Rxc8 Qxc8 18. Re1 O-O 19. Nf1 Qc6 20. Qb3 Bc4 21. Qc2
Rc8 22. Qb1 Bb3 23. Ne3 Qb5 24. Bd3 Qa4 25. Rc1 Rc6 26. Rxc6 dxc6 27. Qf1 Nf4
28. g3 Nxd3 29. Qxd3 b5 30. Nd2 Ba2 31. Nc2 Bc4 32. Qc3 Bd5 33. Qd3 b4 34. b3
Qb5 35. Qxb5 cxb5 36. axb4 a4 37. bxa4 bxa4 38. Nb1 Bf3 39. Kf1 Bg5 40. Ke1 Bc1
41. b5 Kf8 42. b6 Ke7 43. Nc3 a3 44. d5 Kd7 45. b7 Kc7 46. dxe6 fxe6 47. Nxa3
Kxb7 48. Nab5 g5 49. Nd4 Bg4 50. f3 Be3 51. Nc2 1-0

[Event "76. Campeonato de Alemania"]
[Site "Altenkirchen GER"]
[Date "2005.02.24"]
[Round "7.20"]
[White "Ljubarskij, Juri"]
[Black "Dresen, Ulrich"]
[Result "1-0"]
[WhiteElo "2348"]
[BlackElo "2322"]
[PlyCount "70"]
[EventDate "2005.02.18"]
[EventType "swiss"]
[EventRounds "9"]
[EventCountry "GER"]
[Source "lmi"]
[SourceDate "2005.02.23"]

1. e4 c5 2. Nc3 Nc6 3. f4 g6 4. Nf3 Bg7 5. Bc4 e6 6. f5 gxf5 7. d3 Nge7 8. Bg5
h6 9. Bh4 Qa5 10. O-O Bxc3 11. bxc3 Qxc3 12. Qe2 b6 13. Rab1 Bb7 14. Bb5 Rg8
15. a4 Ng6 16. Bg3 f4 17. Be1 Nd4 18. Nxd4 Qxd4+ 19. Kh1 Rd8 20. Rb3 Qe5 21.
Bd2 Ke7 22. Qf2 d5 23. exd5 Bxd5 24. Bc4 Bxc4 25. dxc4 Qd4 26. Be3 Qe5 27. Bc1
Qe4 28. a5 Rd6 29. h3 Rgd8 30. axb6 axb6 31. Kh2 Rd1 32. Rxb6 Rxf1 33. Qxf1 Rd4
34. c3 Rd3 35. Ba3 Kf6 1-0

[Event "76. Campeonato de Alemania"]
[Site "Altenkirchen GER"]
[Date "2005.02.24"]
[Round "7.21"]
[White "Schinke, Andreas"]
[Black "Schunk, Eduard"]
[Result "0-1"]
[WhiteElo "2191"]
[BlackElo "2337"]
[PlyCount "76"]
[EventDate "2005.02.18"]
[EventType "swiss"]
[EventRounds "9"]
[EventCountry "GER"]
[Source "lmi"]
[SourceDate "2005.02.23"]

1. e4 e5 2. Nf3 Nc6 3. Bc4 Nf6 4. d3 h6 5. c3 d6 6. O-O g6 7. h3 Bg7 8. Re1 O-O
9. d4 Qe7 10. Nbd2 Bd7 11. dxe5 Nxe5 12. Nxe5 dxe5 13. Qe2 a5 14. a4 Rfd8 15.
Nf1 Nh5 16. Ne3 Nf4 17. Qc2 Be6 18. Bxe6 Qxe6 19. Bd2 c6 20. Red1 Nd3 21. Ng4
Nf4 22. Be3 Qc4 23. Bb6 Rxd1+ 24. Rxd1 h5 25. Ne3 Qa6 26. Bc7 Ne6 27. Bd6 b5
28. Qb3 b4 29. Nc4 Rd8 30. Ne3 c5 31. Be7 Re8 32. Rd7 Qe2 33. g3 Qf3 34. Qd1
Qxe4 35. Nd5 bxc3 36. bxc3 Rb8 37. Nb4 cxb4 38. Bd6 Rc8 0-1

[Event "76. Campeonato de Alemania"]
[Site "Altenkirchen GER"]
[Date "2005.02.24"]
[Round "7.22"]
[White "Schmidt, Reiner"]
[Black "Namyslo, Holger"]
[Result "1-0"]
[WhiteElo "2183"]
[BlackElo "2314"]
[PlyCount "59"]
[EventDate "2005.02.18"]
[EventType "swiss"]
[EventRounds "9"]
[EventCountry "GER"]
[Source "lmi"]
[SourceDate "2005.02.23"]

1. d4 e6 2. Nf3 Nf6 3. c4 d5 4. Nc3 c6 5. Bg5 dxc4 6. e4 b5 7. e5 h6 8. Bh4 g5
9. Nxg5 hxg5 10. Bxg5 Nbd7 11. exf6 Bb7 12. g3 Qb6 13. Bg2 O-O-O 14. O-O Bh6
15. Bxh6 Rxh6 16. b3 cxb3 17. Qxb3 Nxf6 18. a4 a6 19. Rac1 Kb8 20. axb5 cxb5
21. Na4 Qa7 22. Bxb7 Qxb7 23. Nc5 Qb6 24. Qe3 Rg6 25. Qe5+ Ka7 26. Nxa6 Kxa6
27. Rc7 Qd6 28. Ra1+ Kb6 29. Rca7 Rxg3+ 30. hxg3 1-0

[Event "76. Campeonato de Alemania"]
[Site "Altenkirchen GER"]
[Date "2005.02.24"]
[Round "7.23"]
[White "Bischoff, Dieter"]
[Black "Heidorn, Oliver"]
[Result "1/2-1/2"]
[WhiteElo "2145"]
[BlackElo "2111"]
[PlyCount "88"]
[EventDate "2005.02.18"]
[EventType "swiss"]
[EventRounds "9"]
[EventCountry "GER"]
[Source "lmi"]
[SourceDate "2005.02.23"]

1. d4 Nf6 2. c4 e6 3. Nf3 Bb4+ 4. Nbd2 d5 5. Qa4+ Nc6 6. a3 Bxd2+ 7. Bxd2 Bd7
8. Qc2 Ne4 9. Rd1 O-O 10. e3 f5 11. Bc1 Rf6 12. Be2 Rh6 13. b4 Qe8 14. Bb2 Ne7
15. Rc1 c6 16. Ne5 g5 17. f3 Ng3 18. Rg1 Rxh2 19. Kf2 Nxe2 20. Qxe2 Ng6 21. Rh1
Rxh1 22. Rxh1 Nxe5 23. dxe5 a5 24. c5 axb4 25. axb4 Ra4 26. Qd2 Kg7 27. f4 h6
28. Qc3 Qf8 29. Qb3 Ra8 30. Qc3 Be8 31. Qb3 Bg6 32. Bd4 Qd8 33. Qb2 Ra4 34. Kg3
Qa8 35. Ra1 Qa6 36. Rxa4 Qxa4 37. Qd2 Qb3 38. Kh2 Bh5 39. Qb2 Qd1 40. fxg5 hxg5
41. b5 g4 42. bxc6 bxc6 43. Qb7+ Bf7 44. Qe7 Qe1 1/2-1/2

[Event "76. Campeonato de Alemania"]
[Site "Altenkirchen GER"]
[Date "2005.02.25"]
[Round "8.3"]
[White "Graf, Alexander"]
[Black "Fish, Gennadij"]
[Result "1-0"]
[WhiteElo "2637"]
[BlackElo "2523"]
[PlyCount "93"]
[EventDate "2005.02.18"]
[EventType "swiss"]
[EventRounds "9"]
[EventCountry "GER"]
[Source "lmi"]
[SourceDate "2005.02.23"]

1. c4 e6 2. Nf3 d5 3. d4 c5 4. cxd5 exd5 5. g3 Nc6 6. Bg2 Nf6 7. O-O Be7 8. Nc3
O-O 9. Bg5 c4 10. Ne5 Be6 11. b3 h6 12. Bxf6 Bxf6 13. bxc4 dxc4 14. Nxc6 bxc6
15. e3 c5 16. Bxa8 Qxa8 17. d5 Bxc3 18. dxe6 Bxa1 19. exf7+ Rxf7 20. Qxa1 Qe4
21. Qb1 Qd3 22. Rc1 Qe2 23. Rc2 Qd3 24. Rc1 Qe2 25. Rc2 Qd3 26. Qc1 Rb7 27. h4
a5 28. Kh2 a4 29. Rd2 Qe4 30. Qc2 Qxc2 31. Rxc2 Kf7 32. Rxc4 Rb2 33. Kg2 Rxa2
34. Rxc5 a3 35. Ra5 Kf6 36. h5 Kf7 37. Kf3 Ra1 38. g4 Ra2 39. Ra6 Ke7 40. e4
Kf7 41. Ke3 Ke7 42. Ra7+ Kf8 43. e5 Ra1 44. Kf4 Ra2 45. f3 Ra1 46. Kf5 a2 47.
f4 1-0

[Event "76. Campeonato de Alemania"]
[Site "Altenkirchen GER"]
[Date "2005.02.25"]
[Round "8.6"]
[White "Meister, Jakob"]
[Black "Breutigam, Martin"]
[Result "1-0"]
[WhiteElo "2519"]
[BlackElo "2403"]
[PlyCount "63"]
[EventDate "2005.02.18"]
[EventType "swiss"]
[EventRounds "9"]
[EventCountry "GER"]
[Source "lmi"]
[SourceDate "2005.02.23"]

1. e4 e6 2. d4 d5 3. Nc3 Nf6 4. Bg5 dxe4 5. Nxe4 Be7 6. Bxf6 gxf6 7. Nf3 a6 8.
c3 f5 9. Ned2 b5 10. Ne5 Bb7 11. Qh5 Rf8 12. Be2 Nd7 13. Nxd7 Qxd7 14. Bf3 Bxf3
15. Nxf3 Bf6 16. O-O Rg8 17. Rfe1 Qd5 18. Rxe6+ Qxe6 19. Re1 Kf8 20. Rxe6 fxe6
21. Qxh7 c5 22. Qd7 Re8 23. Qd6+ Kf7 24. Qxc5 Re7 25. g3 Ra8 26. a3 Raa7 27. d5
exd5 28. Qxd5+ Kg6 29. h4 f4 30. g4 Rf7 31. h5+ Kg7 32. g5 1-0

[Event "76. Campeonato de Alemania"]
[Site "Altenkirchen GER"]
[Date "2005.02.25"]
[Round "8.8"]
[White "Tischbierek, Raj"]
[Black "Prusikin, Michael"]
[Result "0-1"]
[WhiteElo "2477"]
[BlackElo "2540"]
[PlyCount "66"]
[EventDate "2005.02.18"]
[EventType "swiss"]
[EventRounds "9"]
[EventCountry "GER"]
[Source "lmi"]
[SourceDate "2005.02.23"]

1. g3 d5 2. Bg2 c6 3. Nf3 Bg4 4. c4 e6 5. O-O Nf6 6. Ne5 Bf5 7. d4 Be7 8. Nc3
O-O 9. f3 Nbd7 10. g4 Bg6 11. h4 h5 12. Nxg6 fxg6 13. g5 Ne8 14. Bh3 Nc7 15. e4
dxc4 16. Be3 b5 17. Qe2 Nb6 18. a4 Bd6 19. b3 Bf4 20. a5 Bxe3+ 21. Qxe3 Nc8 22.
bxc4 bxc4 23. Ra4 Nd6 24. e5 Nf5 25. Bxf5 Rxf5 26. Rxc4 Nd5 27. Nxd5 cxd5 28.
Rc5 Qd7 29. Kg2 Qa4 30. Qc3 Rf4 31. Rc7 Raf8 32. Re7 Qa2+ 33. Kg1 Rxh4 0-1

[Event "76. Campeonato de Alemania"]
[Site "Altenkirchen GER"]
[Date "2005.02.25"]
[Round "8.9"]
[White "Rabiega, Robert"]
[Black "Meier, Georg"]
[Result "1/2-1/2"]
[WhiteElo "2539"]
[BlackElo "2372"]
[PlyCount "33"]
[EventDate "2005.02.18"]
[EventType "swiss"]
[EventRounds "9"]
[EventCountry "GER"]
[Source "lmi"]
[SourceDate "2005.02.23"]

1. e4 e6 2. d4 d5 3. Nc3 dxe4 4. Nxe4 Nd7 5. g3 Be7 6. Bg2 Ngf6 7. Nxf6+ Bxf6
8. Nf3 O-O 9. O-O e5 10. Be3 exd4 11. Bxd4 c6 12. Re1 Bxd4 13. Nxd4 Nf6 14. c3
Qb6 15. Qb3 Bd7 16. a4 Rfe8 17. a5 1/2-1/2

[Event "76. Campeonato de Alemania"]
[Site "Altenkirchen GER"]
[Date "2005.02.25"]
[Round "8.11"]
[White "Schlosser, Philipp"]
[Black "Reuss, Andreas"]
[Result "1-0"]
[WhiteElo "2570"]
[BlackElo "2370"]
[PlyCount "91"]
[EventDate "2005.02.18"]
[EventType "swiss"]
[EventRounds "9"]
[EventCountry "GER"]
[Source "lmi"]
[SourceDate "2005.02.23"]

1. e4 c6 2. d4 d5 3. e5 Bf5 4. Nf3 e6 5. Be2 Nd7 6. O-O h6 7. b3 Ne7 8. c4 Ng6
9. Na3 Nf4 10. Bxf4 Bxa3 11. Bd3 Bg4 12. Rb1 Be7 13. Qe2 Bh5 14. c5 a5 15. a3
b5 16. h3 a4 17. b4 g5 18. Bg3 Nf8 19. Qe3 Bg6 20. Ne1 h5 21. f4 g4 22. hxg4
hxg4 23. Bxg6 Nxg6 24. Qe2 Nh4 25. Bxh4 Rxh4 26. g3 Rh6 27. f5 exf5 28. Rxf5
Qd7 29. Rf4 O-O-O 30. Qxg4 Qxg4 31. Rxg4 Rdh8 32. Kf2 Rh1 33. Rb2 R8h2+ 34. Ng2
Ra1 35. Rg7 Rxa3 36. Rxf7 Kd7 37. Re2 Ra1 38. e6+ Kd8 39. Rg7 Rh8 40. Ne3 Rh2+
41. Kf3 Rh8 42. Nf5 Rf1+ 43. Kg4 Re8 44. Rh2 Re1 45. Nxe7 Rxe6 46. Nf5 1-0

[Event "76. Campeonato de Alemania"]
[Site "Altenkirchen GER"]
[Date "2005.02.25"]
[Round "8.12"]
[White "Meins, Gerlef"]
[Black "Degitiarev, Jewgenij"]
[Result "1-0"]
[WhiteElo "2440"]
[BlackElo "2297"]
[PlyCount "111"]
[EventDate "2005.02.18"]
[EventType "swiss"]
[EventRounds "9"]
[EventCountry "GER"]
[Source "lmi"]
[SourceDate "2005.02.23"]

1. d4 d5 2. Nf3 Nf6 3. c4 c6 4. Nc3 a6 5. cxd5 cxd5 6. Bf4 Nc6 7. Rc1 Ne4 8. a3
Nxc3 9. Rxc3 e6 10. e3 Bd6 11. Bg3 O-O 12. Bd3 f5 13. O-O Bxg3 14. hxg3 Qd6 15.
Qb3 b5 16. Rc5 Bd7 17. Rfc1 Rab8 18. Qc3 Rb6 19. b4 Qb8 20. Ne5 Nxe5 21. dxe5
Rb7 22. Rc7 Qa7 23. Rxb7 Qxb7 24. Qc7 Rb8 25. Be2 Kf7 26. g4 fxg4 27. Bxg4 Qxc7
28. Rxc7 Ke7 29. Ra7 Rb6 30. Kf1 Rc6 31. Ke1 Kd8 32. Kd2 Rb6 33. Be2 g6 34. Bd3
Rc6 35. g3 Ke7 36. a4 Rb6 37. axb5 axb5 38. Kc3 Rb8 39. Kd4 Kd8 40. e4 dxe4 41.
Bxe4 Rc8 42. Ra8 Rxa8 43. Bxa8 g5 44. g4 Be8 45. Be4 h6 46. Kc5 Kc7 47. Bc2 h5
48. gxh5 Bxh5 49. Kxb5 Bf3 50. Bb3 Bg4 51. Kc5 Bf5 52. b5 Bg4 53. b6+ Kb7 54.
Kd6 Kxb6 55. Bxe6 Bh5 56. Bd7 1-0

[Event "76. Campeonato de Alemania"]
[Site "Altenkirchen GER"]
[Date "2005.02.25"]
[Round "8.13"]
[White "Bastian, Herbert"]
[Black "Kraemer, Martin"]
[Result "0-1"]
[WhiteElo "2400"]
[BlackElo "2357"]
[PlyCount "80"]
[EventDate "2005.02.18"]
[EventType "swiss"]
[EventRounds "9"]
[EventCountry "GER"]
[Source "lmi"]
[SourceDate "2005.02.23"]

1. e4 c5 2. Nc3 Nc6 3. g3 g6 4. Bg2 Bg7 5. d3 d6 6. Be3 Nd4 7. Nd5 e6 8. Nf4
Ne7 9. c3 Ndc6 10. h4 e5 11. Nfh3 h6 12. Ne2 Bg4 13. f3 Be6 14. Nf2 Qa5 15. a3
d5 16. O-O O-O 17. b4 cxb4 18. axb4 Qc7 19. Qd2 Kh7 20. exd5 Nxd5 21. Bc5 Rfd8
22. c4 Nde7 23. Rfc1 b6 24. Be3 Nf5 25. Rab1 Rac8 26. Bh3 Qd7 27. b5 Nce7 28.
Rc2 Nxh4 29. gxh4 Bxh3 30. Ra2 Bf5 31. Rba1 Rc7 32. Ng3 Bxd3 33. Nxd3 Qxd3 34.
Qxd3 Rxd3 35. Kf2 Rxc4 36. Rxa7 Rc2+ 37. Ne2 Nd5 38. Rxf7 Rxe3 39. Raa7 Rexe2+
40. Kf1 Ne3+ 0-1

[Event "76. Campeonato de Alemania"]
[Site "Altenkirchen GER"]
[Date "2005.02.25"]
[Round "8.14"]
[White "Schulz, Karsten"]
[Black "Muranyi, Karl-Jasmin"]
[Result "1/2-1/2"]
[WhiteElo "2310"]
[BlackElo "2365"]
[PlyCount "90"]
[EventDate "2005.02.18"]
[EventType "swiss"]
[EventRounds "9"]
[EventCountry "GER"]
[Source "lmi"]
[SourceDate "2005.02.23"]

1. Nf3 c6 2. c4 Nf6 3. b3 d5 4. Bb2 Bf5 5. g3 e6 6. Bg2 Nbd7 7. O-O Be7 8. d3
O-O 9. Nbd2 h6 10. Qc2 Bh7 11. Rac1 a5 12. a3 Qb6 13. cxd5 exd5 14. h3 Qa6 15.
Rfe1 Rfd8 16. Bf1 Nf8 17. e3 Ne6 18. Ne5 Nd7 19. Nxd7 Rxd7 20. Nf3 Qb6 21. h4
Re8 22. Bh3 Bf8 23. Nd4 Qa6 24. Rcd1 Nxd4 25. Bxd4 Rdd8 26. Bb2 c5 27. Bf1 b5
28. Ra1 a4 29. bxa4 bxa4 30. Bc3 Rb8 31. Qd2 Rb3 32. Be2 Rd8 33. Rec1 d4 34.
exd4 cxd4 35. Bb4 Bxd3 36. Bd1 Bc4 37. Bxb3 Bxb3 38. Bxf8 Kxf8 39. Re1 d3 40.
Re3 Bc2 41. Kh2 Kg8 42. Rae1 Qd6 43. Kg1 Rc8 44. Rc1 Rc6 45. Rxd3 Bxd3 1/2-1/2

[Event "76. Campeonato de Alemania"]
[Site "Altenkirchen GER"]
[Date "2005.02.25"]
[Round "8.15"]
[White "Alber, Horst"]
[Black "Henrichs, Thomas"]
[Result "1/2-1/2"]
[WhiteElo "2387"]
[BlackElo "2407"]
[PlyCount "38"]
[EventDate "2005.02.18"]
[EventType "swiss"]
[EventRounds "9"]
[EventCountry "GER"]
[Source "lmi"]
[SourceDate "2005.02.23"]

1. d4 d5 2. c4 e6 3. cxd5 exd5 4. Nf3 c6 5. Nc3 Bf5 6. Bg5 Be7 7. Bxe7 Qxe7 8.
e3 Nf6 9. Bd3 Bxd3 10. Qxd3 O-O 11. O-O Nbd7 12. Rac1 Rfe8 13. Nd2 Qd6 14. Na4
Nf8 15. Nc5 b6 16. Na4 Ne6 17. Nf3 Rac8 18. Rc2 g6 19. Rfc1 Rc7 1/2-1/2